Premamādhurī aura sphuṭa kavitāem̐. (Record no. 62511)

MARC details
000 -LEADER
fixed length control field 00562cam a22002171 4500
001 - CONTROL NUMBER
control field sa 65002199
003 - CONTROL NUMBER IDENTIFIER
control field DLC
005 - DATE AND TIME OF LATEST TRANSACTION
control field 20260227112115.0
008 - FIXED-LENGTH DATA ELEMENTS--GENERAL INFORMATION
fixed length control field 890614s1964 ii 000 0 hino
010 ## - LIBRARY OF CONGRESS CONTROL NUMBER
LC control number sa 65002199
035 ## - SYSTEM CONTROL NUMBER
System control number (OCoLC)19869458
040 ## - CATALOGING SOURCE
Original cataloging agency DLC
Transcribing agency WaU
Modifying agency DLC
042 ## - AUTHENTICATION CODE
Authentication code premarc
050 00 - LIBRARY OF CONGRESS CALL NUMBER
Classification number PK2097.H3
Item number A6 1964
100 0# - MAIN ENTRY--PERSONAL NAME
Personal name Hariścandra,
Titles and words associated with a name Bhāratendu,
Dates associated with a name 1850-1885.
245 10 - TITLE STATEMENT
Title Premamādhurī aura sphuṭa kavitāem̐.
260 ## - PUBLICATION, DISTRIBUTION, ETC.
Date of publication, distribution, etc. [1964]
300 ## - PHYSICAL DESCRIPTION
Extent 46, 81 p.
Dimensions 18 cm.
500 ## - GENERAL NOTE
General note In Hindi.
700 0# - ADDED ENTRY--PERSONAL NAME
Personal name Radha Bhusan,
Dates associated with a name 1924-

No items available.

Powered by Koha